000 00448nam a2200145Ia 4500
003 OSt
005 20260127095217.0
008 211028s2017 xx 000 0 und d
040 _cAIMIT LIBRARY
041 _aeng
100 _aMenezes, Mishal Livya; James, Justine.
_g1516089
_97665
245 _aStudy on recruitment and selection at karma management consultants pvt ltd Mumbai /
260 _aMangalore
_bJustin P James
_c2017
942 _2ddc
_cPRO
999 _c219233
_d219233